000 00879nam a2200241 i 4500
001 C2-0274659
003 PPAK
005 20180728003646.0
008 061002s my a|||| ||||| | may d
040 _aPPAK
_beng
_cPPAK
_erda
082 0 4 _a320.4595076
_223
090 0 0 _a320.4595076
_bSER
_dKAM
110 2 _aPersatuan Pra Universiti dan Panatia Pengajian Am
245 0 0 _a1000 soalan kenegaraan pengajian am STPM (dengan jawapan)
264 1 _aKedah :
_bPersatuan Pra Universiti dan Panatia Pengajian Am ,
_c[date of publication not identified]
300 _a173 pages :
_billustrations ;
_c33 cm
336 _2rdacontent
_atext
337 _2rdamedia
_aunmediated
338 _2rdacarrier
_avolume
650 1 0 _aMalaysia - Politics and government - Problems, exercises, etc.
710 2 _aPersatuan Pra Universiti dan Panatia Pengajian Am
_eorganizer
942 _ddc
_cB
999 _c82414
_d82414